00205nam a22000857a 4500082002000000100001800020245003400038260003800072300000900110 a005.7565 SIM'U  aSIMPSON, ALAN aUNDERSTANDING DBASE III PLUS  aNEW DELHIbBPB PUBLICATIONSc1986 a414P